| 000 | 00671nam a22002297a 4500 | ||
|---|---|---|---|
| 003 | OSt | ||
| 005 | 20150522181437.0 | ||
| 008 | 150522b xxu||||| |||| 00| 0 eng d | ||
| 020 | _a0412410109 | ||
| 040 | _cDNLM | ||
| 082 | _aWW 202 B788w 1997 | ||
| 100 |
_aBron Anthony J. _94864 |
||
| 245 |
_aWolff's Anatomy of the eye and Orbit / _cAnthony J. Bron, [et..al] |
||
| 250 | _a8th ed. | ||
| 260 |
_aLondon: _bArnold; _c1997. |
||
| 300 |
_aix, 736 p : _bcol.ill _c28 cm |
||
| 504 | _aIncludes bibliographical references and index | ||
| 650 |
_aAnatomy of the eye _94865 |
||
| 700 |
_aTripathi Ramesh C. _94866 |
||
| 700 |
_aTripathi Brenda J. _94867 |
||
| 942 |
_2z _cSLOAN |
||
| 999 |
_c1852 _d1852 |
||